Derecho penal

Guardat en:
Dades bibliogràfiques
Autor principal: Etcheberry Orthusteguy, Alfredo (autor)
Format: Llibre
Idioma:espanyol
Publicat: Santiago, Chile: Carlos E. Gibbs, 1965
Matèries:
Etiquetes: Afegir etiqueta
Sense etiquetes, Sigues el primer a etiquetar aquest registre!

MARC

LEADER 00000nam a2200000 a 4500
001 UCY0213
003 CL-VaPUC
005 20240704104313.0
008 940719e19640000CL |||||||||||||||||spa|d
999 |c 229267  |d 229265 
040 |c Pontificia Universidad Católica de Valparaíso 
082 0 4 |a 345.83 ETC 1965  |2 21 
100 1 |a Etcheberry Orthusteguy, Alfredo  |e autor  |9 295026 
245 1 0 |a Derecho penal 
260 |a Santiago, Chile:  |b Carlos E. Gibbs,  |c 1965 
300 |a tomo 4 
505 |a Tomo cuarto: Parte especial 
583 |a last modification  |c 20130320 00:02:02  |k Rodrigo Vera 
650 1 |a Derecho penal chileno  |9 889778 
942 |c BK  |2 ddc 
945 |d 19940719 00:00:00  |a aalvarez 
952 |0 0  |1 0  |4 0  |6 345_830000000000000_ETC_1965  |7 0  |8 ?  |9 230159  |a BIBDER  |b BIBDER  |d 2019-11-15  |h t.IV  |i 2996979  |o 345.83 ETC 1965  |p 2996979  |r 2023-01-25  |w 2019-11-15  |y BK  |k DER